| 000 | 01045nam a2200265Ia 4500 | ||
|---|---|---|---|
| 005 | 20220316235929.0 | ||
| 008 | 141017s1996 ck a gr 000 0 spa | ||
| 020 | _a9589085652 (obra completa) | ||
| 041 | 0 | _aspa | |
| 082 | 0 | 4 |
_aR 613.9071 _bE51 |
| 245 | 0 | 0 |
_aEnciclopedia del sexo y de la educación sexual _cAlonso Acuña Cañas ... [et al.] |
| 250 | _aSegunda reimpresión | ||
| 300 |
_a5 volúmenes _bilustraciones _c28 cm |
||
| 505 | 0 | _av.1 Conceptos generales en sexualidad humana. -- v.2 El mapa erógeno. -- v.3 Las disfunciones sexuales masculinas. -- v.4 Anticoncepción y aborto. -- v.5 Erografía -- pornografía. | |
| 650 | 1 | 4 |
_aEducación sexual _vEnciclopedias _2LEMB |
| 650 | 1 | 4 |
_aSexo _vEnciclopedias _2LEMB |
| 650 | 1 | 4 |
_aSexualidad _vEnciclopedias _2LEMB |
| 700 | 1 |
_aAcuña Cañas, Alonso _96223 |
|
| 942 |
_2ddc _cBK |
||
| 264 |
_aBogotá _bZamora _c1996 |
||
| 336 |
_atexto _btxt _2rdacontent |
||
| 337 |
_asin mediación _bn _2rdamedia |
||
| 338 |
_avolumen _bnc _2rdacarrier |
||
| 040 |
_aCO-BoRNBP _bspa _erda _cCO-BoRNBP |
||
| 999 |
_c2636 _d2636 |
||